000 00647cam a22001217a 4500
008 180718b2004 xxu||||| |||| 00| 0 eng d
082 _aO624x54 D842
245 _aThe extent, pattern and trends of drug abuse in India: national survey
_cby Ministry of Social Justice and Empowerment and Regional Office for South Asia, United Nations Office on Drugs and Crime
260 _aNew Delhi
_bMinistry of Social Justice and Empowerment and Regional Office forSouth Asia, United Nations Office on Drugs and Crime
_c2004
300 _a140p.
650 _aDrug abuse - India
700 _aUnited Nations Office on Drugs and Crime. Regional Office for South Asia
999 _c481580
_d481580